Architektúra očami karikaturistov

Bibliographic Details
Main Author: Stenchláková, Nela (Author)
Format: Article
Language:Slovak
PhysicalDescription:Obr. 1
Subjects:

MARC

LEADER 00000nab a2200000 a 4500
001 vtls000522549
003 SK-MaSNL
005 20260304160256.0
008 120928c1994 xo 0 slo
015 |a SNBRB19rr/mm-uuuuu 
035 |a CL0522687 
040 |a SNKBUCL  |b slo  |c SNKBUCL  |e AACR2 
041 0 |a slo 
044 |a xo  |c SK 
080 |a 741.5:72:061.4  |2 1981 
080 |a 72  |2 1981 
100 1 |a Stenchláková, Nela  |4 aut  |9 890384 
245 1 0 |a Architektúra očami karikaturistov  |c Nela Stenchláková 
300 |b Obr. 1 
650 0 7 |a karikatúry  |2 snkbucl  |9 1062 
650 0 7 |a architektúra (tematika)  |2 snkbucl  |9 1078442 
650 0 7 |a Archikatúra 1994, Bratislava  |2 snkbucl  |9 1482872 
651 7 |a 5100  |2 snkbucl  |9 166206 
655 7 |a články z novín a časopisov  |2 snkbucl  |9 267496 
773 0 |t Slovenská republika  |g Roč. 1, č. 60 (21. 7. 1994), s. 8 
850 |a Slovenská národná knižnica v Martine  |a MTA001 
852 |a SNK  |b KIS3GCP 
958 |a RK 
992 |a RBX 
999 |c 2966378  |d 2968308